01221nam a2200253 a 450000100060000000300080000600500170001400800390003103500190007004000320008904100080012108200260012911100930015524502600024826000390050830000250054750000730057265000360064565000500068171000640073194200120079599900170080795201430082428524BD-RjUL20211209051308.0140331s1990 nyu i100 0 eng a(BD-RjUL)28605 aDLCcDLCdDLCdBD-RjULbeng aeng00a327.174220bUND 19902 aUnited Nations Regional Disarmament Workshop for Africad(1989 :cLagos, Nigeria)98733910aDisarmament :bAfrican security perceptions and requirements including related regional issues : disarmament fellowship, training, and advisory services programme /cUnited Nations Regional Disarmament Workshop for Africa, Lagos, Nigeria, 3-7 April, 1989. aNew York :bUnited Nations,c1990. aix, 118 p. ;c28 cm. aAt head of title: United Nations Department for Disarmament Affairs. 0aDisarmamentxCongresses.987336 0aNational securityzAfricaxCongresses.9873371 aUnited Nations.bDepartment for Disarmament Affairs.974925 2ddccBK c28524d28524 00102ddc40728NFICaRUCLbRUCLcReadingd1995-07-20eRegister office, RUl0o327.174 UND 1990r2014-03-31 00:00:00tC-1w2021-12-09yBK